000 00624nam a2200229 a 4500
001 000012367
005 20200929163020.0
008 091111s1994 sp 000 f spa d
020 _a8420646180
040 _aDO-SdBNP
_bspa
_cBNPHU
082 _aM863.44
_bR935r
100 1 _aRulfo, Juan,
_d1917-1986
_922675
245 1 0 _aRelatos /
_cJuan Rulfo.
260 _aMadrid :
_bAlianza,
_c1994.
300 _a94, [2] p. ;
_c15 cm.
490 1 _aAlianza cien
_v18
650 4 _aNovela mexicana
_93959
650 4 _aLiteratura mexicana
_ySIGLO XX
_99216
830 0 _aAlianza cien ;
_v18
_912832
910 _aWM
049 _aBNGR
999 _c12024
_d12024